• 首页
  • 本馆介绍
  • 公告通知
  • 最新文献
  • 馆藏检索
  • 电子资源
  • 读者导购
  • 参考咨询
  • 我的图书馆
  • 登录
  • 详细信息显示
  • 放入我的书架
  • 预约/预借图书
  • 作者相关作品
  • 分类相关作品
  • 丛书相关作品
  • 出版社相关作品

书目信息

  • 表格格式
  • 工作单格式
  • 卡片格式
题名:
呐喊
    
 
作者: 鲁迅 著
分册:  
出版信息: 北京   外文出版社  2002
页数: 314页
开本: 19cm
丛书名:
单 册:
中图分类: H339.4 , I210.6
科图分类:
主题词: 鲁迅小说--德语--汉语--对照读物 , CT--S049230--鲁迅小说
电子资源:
ISBN: 7-119-02973-8
000 00899nam0 2200277 45
001 012002042401
005 20070805101032.75
010    @a7-119-02973-8@dCNY18.00
035    @a(011001)c2002035955
100    @a20020521d2002 em y0chiy0110 ea
101 2  @achi@ager@cchi
102    @aCN@b110000
105    @ay z 000ay
106    @ar
200 1  @a呐喊@Ana han@e(德汉对照读物)@E( de han dui zhao dou wu )@f鲁迅著@Flu xun zhu
210    @a北京@c外文出版社@d2002
215    @a314页@d19cm
330    @a本书收入“狂人日记”、“孔乙己”、“药”、“明天”、“一件小事”、“头发的故事”、“风波”、“故乡”、“端午节”、“白光”等14篇小说。
510 1  @aAufruf zum Kampf@zger
606 0  @a鲁迅小说@x德语@x汉语@j对照读物
606 0  @2CT@3S049230@a鲁迅小说
690    @aH339.4@v4
690    @aI210.6@v4
701  0 @a鲁迅@Alu xun@4著
801  0 @aCN@bNLC@c20070805
905    @dH339.4@e213@f3
    
    呐喊:(德汉对照读物)/鲁迅著.-北京:外文出版社,2002
    314页;19cm
    
    
    ISBN 7-119-02973-8:CNY18.00
    本书收入“狂人日记”、“孔乙己”、“药”、“明天”、“一件小事”、“头发的故事”、“风波”、“故乡”、“端午节”、“白光”等14篇小说。
●
相关链接 在E读中查询图书 在五车中查询图书 在当当中查询图书 在豆瓣中查询图书


正题名:呐喊     索取号:H339.4/213         预约/预借

序号 登录号 条形码 馆藏地/架位号 状态 备注
1 0852425   208524257   第二样本阅览室/ [索取号:H339.4/213] 在馆    
2 0852426   208524266   第四借阅区/ [索取号:H339.4/213] 在馆    
3 0852427   208524275   第四借阅区/ [索取号:H339.4/213] 在馆    
唐山师范学院图书馆 欢迎您!
大连网信软件有限公司© 版权所有